000 004040000a22001690004500
003 MACL
005 20151229164940.0
008 151229b xxu||||| |||| 00| 0 eng d
040 _aMACL
_cMACL
041 _aEnglish
082 _a245/VAU
100 _aVaughan, Henry
_924308
245 _aSilex Scintillans
260 _bBlackie & Son
_aLondon
650 _aReligion
_924309
942 _cBK
_k245/VAU
_2ddc
999 _c37389
_d37389